00806nam a22002417a 450000500170000001000110001702000100002803500110003803700160004904000120006508200200007710000270009724500590012426000350018327000380021830000240025650000200028065000210030065000310032194200290035299900190038195201640040020170124110011.0 a735344 c00.00 a735344 bCen Lib/Ret aDPLbEN a370.190954bMEH aMehta, Sushila 917727 aSchool and the community in India :cby Sushila Mehta  aNew DelhibS. Chand & coc1974 bNew Delhia4/16-B, Asaf ali road  aix, 250p.c21cm(Hb) aIncludes index  aEducation 91169 aCommunity education917728 2ddccENh370.190954mMEH c126514d126514 04104070aLbLd2015-06-25eCen Lib/Retg0.00l0o370.190954 MEHp735344r2015-06-25 00:00:00t1v0.00w2015-06-25yENzW/d List No. 6897/11 ; dtd 19/10/2020